000 00590nam a22001937a 4500
999 _c178912
_d178912
005 20210429103530.0
010 _aUR-11104
020 _c200.00
_a14-15
035 _aU-9659
037 _bDBAD/PUB
082 _a840
100 _aا بو الکلا م قا سمی
245 _aا مر و و
_cا بو الکلا م قا سمی
246 _aImroze (Urdu)
_bby Abulkalam Qasmi
260 _aAligarh
_c2020 ء
_bMaktaba Jamia Ltd.
270 _aQila Road,Shamshad Market,
_bAligarh
_e202001
_l-
300 _a304 ص
_c22 Cm(Hb)
942 _2ddc
_cUR
_h840
_mق ا س